| 000 | 00436cam a2200121 4500500 | ||
|---|---|---|---|
| 005 | 20250921012007.0 | ||
| 041 | _afre | ||
| 042 | _adc | ||
| 100 | 1 | 0 |
_aMounir, Fendri _eauthor |
| 245 | 0 | 0 | _a2 إطلالات على الأدب المعاصر الناطق بالألمانية |
| 260 |
_bL'Académie tunisienne (Beït al-Hikma),
_c2005. |
||
| 856 | 4 | 1 | _uhttps://shs.cairn.info/2--9789973490193?lang=fr&redirect-ssocas=7080 |
| 999 |
_c1509779 _d1509779 |
||